Statistics for Πρωτεύουσες του Κόσμου - Μ

Click here to take the quiz!

General Stats

  • This quiz has been taken 359 times
  • The average score is 20 of 35

Answer Stats

Μ% Correct
Μαδρίτη
89%
Μόσχα
81%
Μπραζίλια
78%
Μονακό
77%
Μπρατισλάβα
73%
Μανίλα
72%
Μινσκ
72%
Μπουένος Άιρες
69%
Μπογκοτά
67%
Μπανγκόκ
66%
Μοντεβιδέο
63%
Μαπούτο
61%
Μαλέ
57%
Μανάγουα
56%
Μπαμάκο
55%
Μπακού
55%
Μογκαντίσου
55%
Μανάμα
55%
Μονρόβια
54%
Μπισσάου
53%
Μουσκάτ
52%
Μπραζαβίλ
52%
Μπισκέκ
52%
Μπανγκί
51%
Μαζέρου
51%
Μαλάμπο
49%
Μπαμπάνε
49%
Μπρίτζταουν
48%
Μορονί
48%
Μπαντάρ Σερί Μπεγκαβάν
47%
Μπαντζούλ
46%
Μπελμοπάν
41%
Μπαστέρ
38%
Ματζούρο
36%
Μπλοεμφοντέιν
24%

Score Distribution

Percentile by Number Answered

Percent of People with Each Score

Your Score History

You have not taken this quiz